000 01379nam a2200325 i 4500
003 EG-GICUC
005 20260211101637.0
008 260211s1981 ua |||fr|||| 00| 0 ara d
040 _a EG-GICUC
_bara
_c EG-GICUC
_d EG-GICUC
_erda
041 0 _aAra
082 0 4 _221
_a343.31
_bح س . م
092 0 4 _221
099 _aLaw1 10 343.31 ح س . م 1981
100 0 _aحسن الفكهانى
_eمؤلف.
245 1 2 _aالموسوعة الذهبية للقواعد القانونية التى قررتها محكمة النقض المصرية منذ إنشائها عام 1931.
_nالجزء الخامس /
_cتأليف للأستاذين حسن الفكهانى، عبدالمنعم حسنى.
250 _bالإصدار الجنائى
264 1 _aالقاهرة:
_bالدار العربية للموسوعات،
_c1981.
300 _a820 ؛صفحة
_c24 سم.
336 _2rda content
_atext
337 _2rda media
_aComputer
338 _2rda carrier
_aOnline Resource
546 _aالنص باللغة العربية
650 1 _aالقواعد العامة فى الإجراءات الجنائية
_2qrmak
650 1 _aالقانون الجنائى
_2qrmak
651 1 _2qrmak
700 _aعبدالمنعم حسنى
_eمؤلف مشارك.
856 4 0 _uhttps://fll.law.cu.edu.eg/fulltext/bks/B10-08510.pdf
905 _a54
942 _2ddc
_cBK
_e21
_n0
999 _c62545
_d62545